محاضرات في أصول المحاكمات الجزائية : (رقم التسجيلة. 6501)

تفاصيل مارك
000 -LEADER
fixed length control field 00717nam a22001817a 4500
005 - DATE AND TIME OF LATEST TRANSACTION
control field 20251108164218.0
008 - FIXED-LENGTH DATA ELEMENTS--GENERAL INFORMATION
fixed length control field 250721s1997 xx 000 0 ara d
082 14 - DEWEY DECIMAL CLASSIFICATION NUMBER
Classification number 343.109565/صال
100 1# - MAIN ENTRY--PERSONAL NAME
Personal name صالح، نائل عبد الرحمن
245 10 - TITLE STATEMENT
Title محاضرات في أصول المحاكمات الجزائية :
Remainder of title قانون أصول المحاكمات الجزائية - قانون محكمة الجنايات الكبرى /
264 1# - PRODUCTION, PUBLICATION, DISTRIBUTION, MANUFACTURE, AND COPYRIGHT NOTICE
Place of production, publication, distribution, manufacture عمان :
Name of producer, publisher, distributor, manufacturer دار الفكر للطباعه و النشر و التوزيع،
Date of production, publication, distribution, manufacture, or copyright notice 1997.
300 ## - PHYSICAL DESCRIPTION
Extent 449ص.
650 17 - SUBJECT ADDED ENTRY--TOPICAL TERM
Topical term or geographic name as entry element القانون الجنائي
650 17 - SUBJECT ADDED ENTRY--TOPICAL TERM
Topical term or geographic name as entry element المحاكم الجنائية
650 17 - SUBJECT ADDED ENTRY--TOPICAL TERM
Topical term or geographic name as entry element الأردن
942 ## - ADDED ENTRY ELEMENTS (KOHA)
Source of classification or shelving scheme Dewey Decimal Classification
Koha item type كتب
المقتنيات
حالة السحب حالة الفقدان مصدر التصنيف حالة التلف غير قابل للإعارة المكتبة الرئيسية المكتبة الحالية موقع الرف تاريخ التزويد الرقم المتسلسل Total Checkouts رقم الإستدعاء تاريخ آخر ظهور تاريخ الفاتورة نوع المادة (كوها) الباركود
    Dewey Decimal Classification Unchecked   مكتبة النصر العامة مكتبة النصر العامة الإعارة 06/07/2004 8276   343.109565/صال 28/07/2025 06/07/2004 كتب  
    Dewey Decimal Classification   Not For Loan مكتبة تاريخ الأردن مكتبة تاريخ الأردن لا يعار 03/11/2009 1328888   343.109565/صال 28/07/2025 03/11/2009 كتب PLD00116695
    Dewey Decimal Classification     مكتبة حمزة العامة مكتبة حمزة العامة الإعارة 03/06/2015 [8276].   343.109565/صال 28/07/2025 03/06/2015 كتب PLD00328946
    Dewey Decimal Classification     مكتبة صويلح العامة مكتبة صويلح العامة الإعارة 13/04/2019 <11722>   343.109565/صال 28/07/2025 13/04/2019 كتب PLD00449442
    Dewey Decimal Classification     مكتبة وادي السير العامة مكتبة وادي السير العامة الإعارة 29/06/1980 284575...   343.109565/صال 28/07/2025 29/06/1980 كتب PLD00371957
Implemented & Customized by: BBB with SCIT (Smart Chains for Information Technology)

Powered by Koha